[Event "Championnat de France des Jeunes - Cadet"]
[Site "NIMES"]
[Date "2012.04.18"]
[Round "6.5"]
[White "Aubrun, Cecilia"]
[Black "Richier, Lucie"]
[Result "0-1"]
[WhiteElo "1430"]
[BlackElo "1636"]
[PlyCount "82"]

1. e4 e6 2. d4 d5 3. e5 c5 4. c3 Nc6 5. Nf3 Qb6 6. Be2 cxd4 7. cxd4 Nge7 8. Nc3
Nf5 9. Bb5 Bb4 10. Bxc6+ bxc6 11. a3 Be7 12. Rb1 O-O 13. O-O Bd7 14. b4 a5 15.
Na4 Qc7 16. Nc5 axb4 17. axb4 Rfb8 18. Bd2 Rb6 19. Qc2 Rab8 20. h3 Bc8 21. Rfe1
h6 22. Qd3 Ra8 23. Ra1 Qb8 24. Rxa8 Qxa8 25. Qc2 Bxc5 26. bxc5 Ra6 27. g4 Ra2
28. Qd1 Ne7 29. Kg2 Ba6 30. Re3 Bc4 31. Rc3 Qa6 32. Qb1 Bb5 33. Rc2 Ra1 34. Qb2
Kh7 35. Rc1 Ra2 36. Qb1+ Ng6 37. h4 Be2 38. h5 Bxf3+ 39. Kxf3 Rxd2 40. hxg6+
fxg6 41. Rd1 Qe2+ 0-1

[Event "Championnat de France des Jeunes - Cadet"]
[Site "NIMES"]
[Date "2012.04.19"]
[Round "7.1"]
[White "Gennesseaux, Gabrielle"]
[Black "Neuhauser, Salome"]
[Result "1/2-1/2"]
[WhiteElo "1726"]
[BlackElo "2049"]
[PlyCount "201"]

1. e4 c5 2. Nf3 d6 3. Bb5+ Bd7 4. Bxd7+ Qxd7 5. c4 Nc6 6. Nc3 g6 7. d4 cxd4 8.
Nxd4 Bg7 9. Be3 Nf6 10. h3 O-O 11. O-O Rfc8 12. b3 Qd8 13. Rc1 Qa5 14. Nxc6
bxc6 15. Bd4 Rd8 16. Qe2 Rac8 17. Rfd1 e5 18. Be3 Ne8 19. c5 f5 20. exf5 gxf5
21. Bg5 d5 22. Bxd8 Rxd8 23. Qh5 f4 24. Qf5 Nc7 25. Qg4 Kh8 26. Ne4 Nb5 27. Ng5
Rf8 28. Qh5 h6 29. Nf7+ Kh7 30. Nxe5 Rf6 31. Ng4 Rg6 32. Re1 Nd4 33. Re7 f3 34.
Rxg7+ Kxg7 35. Qe5+ Kg8 36. Qxd4 h5 37. Ne3 fxg2 38. Nxg2 Qd8 39. Rc3 h4 40.
Qe5 Rg5 41. Qe6+ Kh7 42. Rf3 Kh8 43. Qf6+ Qxf6 44. Rxf6 d4 45. Rd6 Rxc5 46.
Rxd4 Rc1+ 47. Kh2 Rc2 48. Rxh4+ Kg7 49. Ra4 Rxf2 50. Rxa7+ Kf6 51. a4 Rb2 52.
Rb7 c5 53. a5 c4 54. a6 Rxb3 55. a7 Ra3 56. Rc7 c3 57. Rxc3 Rxa7 58. h4 Kf5 59.
Rg3 Rh7 60. Kh3 Rh5 61. Ne3+ Kf4 62. Ng4 Rd5 63. Nf6 Rd1 64. h5 Kf5 65. Ng4 Kg5
66. h6 Rh1+ 67. Kg2 Rh4 68. Kf3 Kf5 69. Ne3+ Kf6 70. Kg2 Rh5 71. Rh3 Rg5+ 72.
Kf3 Rg8 73. Rg3 Rh8 74. Rh3 Kg5 75. Ng4 Rf8+ 76. Kg3 Rh8 77. Rh4 Rh7 78. Rh2
Rh8 79. Ne5 Rh7 80. Rh3 Kf6 81. Kf4 Rh8 82. Rh5 Rh7 83. Kg4 Rh8 84. Nd7+ Kg6
85. Ne5+ Kf6 86. Nd7+ Kg6 87. h7 Kg7 88. Rg5+ Kf7 89. Ne5+ Kf6 90. Rh5 Kg7 91.
Rg5+ Kxh7 92. Rh5+ Kg7 93. Rg5+ Kf6 94. Rf5+ Ke6 95. Ng6 Rh1 96. Nf4+ Kd6 97.
Rd5+ Kc6 98. Rd4 Kc5 99. Rd5+ Kc6 100. Rh5 Rxh5 101. Nxh5 1/2-1/2

[Event "Championnat de France des Jeunes - Cadet"]
[Site "NIMES"]
[Date "2012.04.19"]
[Round "7.2"]
[White "Monpeurt, Cyrielle"]
[Black "Aflalo, Sophie"]
[Result "0-1"]
[WhiteElo "2024"]
[BlackElo "2046"]
[PlyCount "154"]

1. e4 c5 2. Nf3 Nc6 3. d4 cxd4 4. Nxd4 Nf6 5. Nc3 e5 6. Ndb5 d6 7. Bg5 a6 8.
Na3 b5 9. Nd5 Be7 10. Bxf6 Bxf6 11. c4 b4 12. Nc2 O-O 13. g3 Bg5 14. Bg2 Qa5
15. O-O Qc5 16. Qd3 Be6 17. b3 a5 18. a3 bxa3 19. Nxa3 Nd4 20. Kh1 Rfb8 21.
Rfb1 Bxd5 22. exd5 Rb4 23. Nc2 Nxc2 24. Qxc2 g6 25. h4 Bh6 26. Bh3 Ra7 27. Ra4
Rab7 28. Rba1 Rxb3 29. Rxa5 Qd4 30. Rd1 Rb2 31. Rxd4 Rxc2 32. Rd1 Rxf2 33. Ra3
Rc2 34. Bf1 Rbb2 35. Re1 Bd2 36. Re2 Bb4 37. Ra8+ Kg7 38. Rb8 Rxe2 39. Bxe2 Ba3
40. Rxb2 Bxb2 41. g4 f5 42. Kg2 e4 43. gxf5 gxf5 44. Bd1 Kf6 45. Kg3 Ke5 46.
Be2 Bc1 47. h5 h6 48. Bf1 Bf4+ 49. Kf2 Kd4 50. Ke2 Bg5 51. Kf2 f4 52. Kg2 Be7
53. Kh3 f3 54. Kg4 Bg5 55. Kg3 Bd2 56. Kg4 Bg5 57. Kg3 Ke3 58. Bh3 Bf4+ 59. Kg4
Be5 60. Kf5 Kd4 61. Bg4 Bh2 62. Kg6 Bf4 63. Kf5 Ke3 64. Bh3 Bg5 65. Ke6 Bf4 66.
Kf5 Bg5 67. Ke6 Kd4 68. Bg4 Bf4 69. Kf5 Ke3 70. Bh3 Bg3 71. Kg6 Kf2 72. Kxh6 e3
73. Kg6 e2 74. h6 e1=Q 75. h7 Qe8+ 76. Kf6 Be5+ 77. Kg5 Qe7+ 0-1

[Event "Championnat de France des Jeunes - Cadet"]
[Site "NIMES"]
[Date "2012.04.19"]
[Round "7.3"]
[White "Richier, Lucie"]
[Black "Lenoel, Marine"]
[Result "0-1"]
[WhiteElo "1636"]
[BlackElo "1933"]
[PlyCount "140"]

1. d4 Nf6 2. Nf3 g6 3. c4 Bg7 4. Nc3 d6 5. e4 O-O 6. Be2 e5 7. dxe5 dxe5 8.
Qxd8 Rxd8 9. Nd5 Nxd5 10. cxd5 c6 11. Bc4 cxd5 12. Bxd5 Na6 13. Bd2 Rb8 14. Bc3
Re8 15. Ng5 Re7 16. O-O h6 17. Nf3 Be6 18. Rfd1 Bg4 19. Rd3 Nc7 20. Bb4 Rd7 21.
Rad1 Rbd8 22. Bc4 Rxd3 23. Rxd3 Rxd3 24. Bxd3 Bxf3 25. gxf3 Bf8 26. Bc3 Bd6 27.
Bc4 Kf8 28. Bd2 h5 29. Bg5 Kg7 30. Kg2 b5 31. Bb3 Na6 32. Be3 Bc5 33. f4 Bxe3
34. fxe3 Nc5 35. Bc2 f6 36. Kg3 Kh6 37. Kh4 Ne6 38. Kg3 g5 39. f5 Nc5 40. h3 b4
41. Kf3 Kg7 42. Kg3 Kf8 43. b3 Ke7 44. Kf3 Kd6 45. Kg3 a5 46. Kf3 Kc6 47. Kg3
Na6 48. Bd1 Nc7 49. Be2 Nb5 50. Bxb5+ Kxb5 51. Kf3 Kc6 52. Kg3 Kd6 53. Kf3 Ke7
54. Kg3 h4+ 55. Kg4 Kf7 56. Kf3 Kg7 57. Kg2 Kh6 58. Kf2 Kh5 59. Kf3 g4+ 60. Kg2
gxh3+ 61. Kxh3 Kg5 62. Kh2 Kg4 63. Kg2 h3+ 64. Kh2 Kh4 65. Kg1 Kg3 66. Kh1 Kf3
67. Kh2 Kxe3 68. Kxh3 Kxe4 69. Kg4 Kd4 70. Kh5 e4 0-1

[Event "Championnat de France des Jeunes - Cadet"]
[Site "NIMES"]
[Date "2012.04.19"]
[Round "7.4"]
[White "Dubois, Marie"]
[Black "Afraoui, Solenn"]
[Result "1-0"]
[WhiteElo "1792"]
[BlackElo "1923"]
[PlyCount "67"]

1. d4 Nf6 2. c4 c5 3. d5 e6 4. Nc3 exd5 5. cxd5 d6 6. e4 g6 7. Nf3 a6 8. a4 Bg4
9. Be2 Bg7 10. Nd2 Bxe2 11. Qxe2 O-O 12. O-O Qe7 13. f4 Nbd7 14. Re1 Rfe8 15.
Nc4 Nh5 16. e5 dxe5 17. g4 Qh4 18. gxh5 exf4 19. Qxe8+ Rxe8 20. Rxe8+ Nf8 21.
d6 Qg4+ 22. Kf1 Qf3+ 23. Ke1 Bxc3+ 24. bxc3 Qxc3+ 25. Nd2 Qd4 26. Ne4 Qxa1 27.
d7 Qxc1+ 28. Kf2 Qe3+ 29. Kf1 Qf3+ 30. Nf2 Kg7 31. d8=Q Ne6 32. Qd7 Qe3 33. h6+
Kxh6 34. Ng4+ 1-0

[Event "Championnat de France des Jeunes - Cadet"]
[Site "NIMES"]
[Date "2012.04.19"]
[Round "7.5"]
[White "Finkel, Julie"]
[Black "Alonso, Audrey"]
[Result "1/2-1/2"]
[WhiteElo "1697"]
[BlackElo "1858"]
[PlyCount "104"]

1. e4 e5 2. Nf3 Nc6 3. Bc4 Bc5 4. c3 Nf6 5. d4 exd4 6. cxd4 Bb4+ 7. Nc3 d5 8.
exd5 Nxd5 9. O-O Bxc3 10. bxc3 O-O 11. Ng5 h6 12. Ne4 Bf5 13. Ng3 Bg6 14. Qf3
Nb6 15. Bb5 Qd5 16. Qxd5 Nxd5 17. Bxc6 bxc6 18. Bd2 Rab8 19. f4 Rb2 20. Rfd1
Rc2 21. f5 Bh7 22. Kf1 Rd8 23. a3 Nxc3 24. Rdc1 Rxc1+ 25. Rxc1 Nb5 26. Rxc6
Rxd4 27. Be3 Ra4 28. Bc1 Rh4 29. a4 Rxa4 30. Rc5 a6 31. Ne2 Rh4 32. h3 Rh5 33.
Ng3 Rh4 34. Ne2 Re4 35. g4 Kf8 36. Nc3 Rd4 37. Nxb5 axb5 38. Rxc7 b4 39. Ke2 f6
40. Rb7 Bg8 41. Rxb4 Rxb4 42. Ba3 Bc4+ 43. Kf2 Ke8 44. Bxb4 Kf7 45. Kf3 g6 46.
fxg6+ Kxg6 47. Bd2 Bf1 48. Be3 Kg7 49. Bd2 Kg6 50. Be3 f5 51. gxf5+ Kxf5 52.
Bxh6 Bxh3 1/2-1/2

[Event "Championnat de France des Jeunes - Cadet"]
[Site "NIMES"]
[Date "2012.04.20"]
[Round "8.1"]
[White "Ruhlmann, Helene"]
[Black "Neuhauser, Salome"]
[Result "1/2-1/2"]
[WhiteElo "1736"]
[BlackElo "2049"]
[PlyCount "87"]

1. d4 e6 2. Nf3 c5 3. e3 Nf6 4. Bd3 b6 5. c4 cxd4 6. exd4 d5 7. cxd5 Nxd5 8.
Bb5+ Bd7 9. Bxd7+ Nxd7 10. O-O Be7 11. Nc3 Nxc3 12. bxc3 Qc7 13. Qb3 Rc8 14.
Bb2 O-O 15. Rac1 Qc4 16. Rfe1 Bf6 17. Nd2 Qc6 18. Ne4 b5 19. Ba3 Rfd8 20. Nc5
Nb6 21. Rb1 Nc4 22. Bc1 a6 23. Bf4 Be7 24. Nd3 Na5 25. Ne5 Qxc3 26. Qxc3 Rxc3
27. Bd2 Ra3 28. Bxa5 Rxa5 29. Nc6 Rxa2 30. Nxe7+ Kf8 31. Nc6 Rd6 32. Nb4 Ra4
33. Red1 a5 34. Nc2 Ra2 35. Ne3 b4 36. d5 exd5 37. Rxd5 Rxd5 38. Nxd5 b3 39. g3
a4 40. Nc3 Ra3 41. Nb5 Ra2 42. Nc3 Ra3 43. Nb5 Ra2 44. Nc3 1/2-1/2

[Event "Championnat de France des Jeunes - Cadet"]
[Site "NIMES"]
[Date "2012.04.20"]
[Round "8.2"]
[White "Aflalo, Sophie"]
[Black "Lenoel, Marine"]
[Result "1-0"]
[WhiteElo "2046"]
[BlackElo "1933"]
[PlyCount "31"]

1. e4 e5 2. Nf3 Nc6 3. Bc4 Bc5 4. c3 Qf6 5. d4 exd4 6. O-O Ne5 7. Nxe5 Qxe5 8.
b4 Bb6 9. Bb2 Ne7 10. cxd4 Qxe4 11. Re1 Qc6 12. Qe2 O-O 13. b5 Qf6 14. Qxe7
Bxd4 15. Bxd4 Qxd4 16. Qxf7+ 1-0

[Event "Championnat de France des Jeunes - Cadet"]
[Site "NIMES"]
[Date "2012.04.20"]
[Round "8.3"]
[White "Monpeurt, Cyrielle"]
[Black "Gennesseaux, Gabrielle"]
[Result "1/2-1/2"]
[WhiteElo "2024"]
[BlackElo "1726"]
[PlyCount "122"]

1. e4 e6 2. d4 d5 3. Nc3 dxe4 4. Nxe4 Bd7 5. Nf3 Bc6 6. Bd3 Nd7 7. Bg5 Be7 8.
Bxe7 Qxe7 9. Qe2 Bxe4 10. Bxe4 c6 11. O-O-O Ngf6 12. Bd3 O-O-O 13. Kb1 Rhe8 14.
Rhe1 Nb6 15. c3 Nfd5 16. g3 Qc7 17. Qc2 g6 18. h4 Kb8 19. h5 c5 20. dxc5 Qxc5
21. Ne5 Re7 22. Bf1 Rc8 23. Rd2 Rec7 24. Qb3 a5 25. c4 a4 26. Qd1 Nb4 27. hxg6
hxg6 28. a3 Nc6 29. Nxc6+ Rxc6 30. Rc2 Qa5 31. Re4 R6c7 32. f4 Nd7 33. Qd6 Qf5
34. Re1 Qc5 35. Rd1 Qxd6 36. Rxd6 Nc5 37. Bg2 Rd7 38. Rcd2 Rcd8 39. Rxd7 Rxd7
40. Rxd7 Nxd7 41. Kc2 Nc5 42. Kc3 Kc7 43. Kd4 Kd6 44. Bf3 f6 45. Bd1 e5+ 46.
fxe5+ fxe5+ 47. Ke3 Ke6 48. Bc2 Kf6 49. Kd2 e4 50. Ke3 Kg5 51. Kd4 b6 52. Bd1
Nd3 53. Bxa4 Nxb2 54. Bd7 e3 55. Kxe3 Nxc4+ 56. Kd4 Nxa3 57. Kc3 Nb1+ 58. Kc2
Na3+ 59. Kb3 Nb1 60. Kc2 Na3+ 61. Kb3 Nb1 1/2-1/2

[Event "Championnat de France des Jeunes - Cadet"]
[Site "NIMES"]
[Date "2012.04.20"]
[Round "8.4"]
[White "Dubois, Marie"]
[Black "Finkel, Julie"]
[Result "1-0"]
[WhiteElo "1792"]
[BlackElo "1697"]
[PlyCount "49"]

1. d4 d6 2. c4 e5 3. e3 e4 4. Nc3 f5 5. Nge2 Nf6 6. Nf4 c6 7. d5 c5 8. Be2 Be7
9. O-O O-O 10. Qb3 b6 11. a4 Na6 12. a5 Nc7 13. axb6 axb6 14. Rxa8 Nxa8 15. Bd2
g5 16. Ne6 Bxe6 17. dxe6 Qc8 18. Ra1 Qxe6 19. Ra7 Qf7 20. Nd5 Nxd5 21. cxd5 f4
22. Bg4 Qe8 23. Be6+ Kh8 24. Bc3+ Rf6 25. Qa3 1-0

[Event "Championnat de France des Jeunes - Cadet"]
[Site "NIMES"]
[Date "2012.04.20"]
[Round "8.5"]
[White "Lecland, Elodie"]
[Black "Afraoui, Solenn"]
[Result "0-1"]
[WhiteElo "1689"]
[BlackElo "1923"]
[PlyCount "90"]

1. e4 c5 2. Nf3 d6 3. Bb5+ Nd7 4. O-O a6 5. Bxd7+ Qxd7 6. Re1 e6 7. c3 Be7 8.
d4 cxd4 9. cxd4 Nf6 10. Nc3 O-O 11. d5 e5 12. h3 b5 13. Be3 Qb7 14. Qd3 Kh8 15.
Ne2 Ne8 16. Ng3 g6 17. Bh6 Ng7 18. Nd2 Bd7 19. f4 f6 20. Rac1 Rac8 21. Nb3 Rg8
22. Bxg7+ Kxg7 23. Kh2 Qb6 24. f5 gxf5 25. Nxf5+ Bxf5 26. exf5 Kh8 27. Nd2 Rxc1
28. Rxc1 Qf2 29. Rg1 Bf8 30. Kh1 Bh6 31. Ne4 Qxf5 32. g4 Qg6 33. Rf1 Bf4 34.
Qf3 Rd8 35. b4 Kg7 36. a4 Qe8 37. a5 Qd7 38. Rg1 Qe7 39. g5 f5 40. Nf6 Kh8 41.
Qh5 Qg7 42. Rg2 Qg6 43. Qxg6 hxg6 44. h4 Rc8 45. Nd7 e4 0-1

[Event "Championnat de France des Jeunes - Cadet"]
[Site "NIMES"]
[Date "2012.04.21"]
[Round "9.1"]
[White "Neuhauser, Salome"]
[Black "Afraoui, Solenn"]
[Result "1-0"]
[WhiteElo "2049"]
[BlackElo "1923"]
[PlyCount "77"]

1. e4 c5 2. Nf3 a6 3. c3 Qa5 4. Bc4 e6 5. O-O b5 6. Bb3 c4 7. Bc2 d6 8. d3 Nf6
9. dxc4 bxc4 10. Qe2 Be7 11. Qxc4 O-O 12. Re1 Nbd7 13. Nbd2 Bb7 14. Nf1 d5 15.
exd5 Bxd5 16. Qe2 Qc7 17. Ne3 Bb7 18. c4 Bd6 19. h3 Rac8 20. b3 Ne5 21. Nxe5
Bxe5 22. Rb1 Qc6 23. Bb2 Bxb2 24. Rxb2 Rfd8 25. Rbb1 Rd4 26. Rbd1 Rh4 27. f3
Qc7 28. Nf1 Rh6 29. Qe5 Qb6+ 30. Qd4 Qa5 31. a4 Rf8 32. Re5 Qb4 33. Ne3 Ba8 34.
Rg5 Kh8 35. Ng4 Rh5 36. Nxf6 Rxg5 37. Nxh7 Rg3 38. Qh4 Qc5+ 39. Kh1 1-0

[Event "Championnat de France des Jeunes - Cadet"]
[Site "NIMES"]
[Date "2012.04.21"]
[Round "9.2"]
[White "Alonso, Audrey"]
[Black "Aflalo, Sophie"]
[Result "1-0"]
[WhiteElo "1858"]
[BlackElo "2046"]
[Annotator "Rivier,Sylvain"]
[PlyCount "68"]

1. e4 c5 2. c4 Nc6 3. Nc3 g6 4. g3 Bg7 5. Bg2 a6 6. Nge2 b5 7. cxb5 axb5 8.
Nxb5 Ba6 9. Nec3 Qa5 10. a4 Rb8 11. Bf1 Nb4 12. Be2 Bxc3 13. dxc3 Bxb5 14. Bxb5
Rxb5 15. axb5 Qxa1 16. cxb4 Nf6 17. O-O O-O 18. e5 Nh5 19. Bh6 Qxb2 20. Bxf8
Kxf8 21. Qxd7 Qxb4 22. Qd8+ Kg7 23. b6 Qa5 24. Qc7 c4 25. Rc1 e6 26. Rxc4 Qd5
27. Rc1 Qf3 28. b7 Nf4 29. gxf4 Qg4+ 30. Kf1 Qh3+ 31. Ke2 Qg4+ 32. Ke3 g5 33.
Ke4 Qh4 34. f3 g4 {suite illisible} 1-0

[Event "Championnat de France des Jeunes - Cadet"]
[Site "NIMES"]
[Date "2012.04.21"]
[Round "9.3"]
[White "Monpeurt, Cyrielle"]
[Black "Dubois, Marie"]
[Result "0-1"]
[WhiteElo "2024"]
[BlackElo "1792"]
[PlyCount "58"]

1. e4 c5 2. Nf3 d6 3. d4 cxd4 4. Nxd4 Nf6 5. Nc3 a6 6. Bg5 e6 7. Qe2 Nbd7 8.
O-O-O Be7 9. f4 Qc7 10. g4 h6 11. Bh4 g5 12. fxg5 Nh7 13. g6 Bxh4 14. gxh7 Ne5
15. Nf3 Be7 16. Nxe5 dxe5 17. h4 b5 18. Qd2 Rxh7 19. Be2 b4 20. Nb1 Bb7 21. Qe3
Rc8 22. Bd3 a5 23. g5 Ba6 24. gxh6 Bf8 25. Nd2 Bxh6 26. Qe2 Qxc2+ 27. Bxc2 Bxe2
28. Rdg1 Ke7 29. Rh3 Rd8 0-1

[Event "Championnat de France des Jeunes - Cadet"]
[Site "NIMES"]
[Date "2012.04.21"]
[Round "9.5"]
[White "Lenoel, Marine"]
[Black "Ruhlmann, Helene"]
[Result "0-1"]
[WhiteElo "1933"]
[BlackElo "1736"]
[PlyCount "130"]

1. e4 g6 2. d4 c6 3. Nf3 d5 4. exd5 cxd5 5. Bd3 Bg4 6. c3 Bg7 7. h3 Bxf3 8.
Qxf3 Nf6 9. Bf4 Qb6 10. Qe2 O-O 11. Na3 Nc6 12. O-O Rfe8 13. Be3 a6 14. Rae1
Qc7 15. f4 e6 16. Qf3 Nd7 17. f5 exf5 18. Qxd5 Nf6 19. Qf3 Nh5 20. Nc2 Qg3 21.
Qxg3 Nxg3 22. Rf3 Ne4 23. Ref1 Re7 24. g4 fxg4 25. hxg4 Nd6 26. Bf4 Ne8 27. Ne3
Rd8 28. Bg5 f6 29. Bc4+ Kh8 30. Nd5 Rxd5 31. Bxd5 fxg5 32. Rf7 Nf6 33. Rxe7
Nxe7 34. Bxb7 Nxg4 35. Re1 Bf6 36. d5 Ne5 37. Rd1 Nf5 38. Kf2 g4 39. d6 Bh4+
40. Ke2 Ng3+ 41. Kd2 Bg5+ 42. Kc2 Nf5 43. Kb3 Nd7 44. Rd5 Nxd6 45. Rxg5 Nxb7
46. Rxg4 Nf6 47. Rb4 Nc5+ 48. Kc4 Nce4 49. Kd3 Kg7 50. c4 h5 51. Kd4 h4 52. Rb3
Nf2 53. Rf3 N6g4 54. c5 h3 55. Rxh3 Nxh3 56. c6 Ng5 57. Kc5 Ne5 58. b4 Ne6+ 59.
Kd6 Nxc6 60. Kxc6 g5 61. a4 g4 62. Kb6 g3 63. Kxa6 g2 64. b5 Nc5+ 65. Ka7 Nxa4
0-1